[Event "Chigorin Memorial 21st"]
[Site "St Petersburg"]
[Date "2013.10.09"]
[Round "5"]
[White "Ustinov, Alexey"]
[Black "Shpakovsky, Kirill"]
[Result "1-0"]
[WhiteElo "2125"]
[BlackElo "1891"]
[PlyCount "71"]
[EventDate "2013.10.05"]
[EventType "swiss"]
[EventRounds "9"]
[EventCountry "RUS"]
[SourceTitle "CBM 156 Extra"]
[Source "ChessBase"]
[SourceDate "2013.10.22"]
[SourceVersion "1"]
[SourceVersionDate "2013.10.22"]
[SourceQuality "1"]

1. d4 Nf6 2. c4 g6 3. f3 Bg7 4. e4 d6 5. Be3 0-0 6. Nc3 Nbd7 7. Qd2 c5 8. d5 Re8 9. g4 Nf8 10. 0-0-0 a6 11. h4 h5 12. gxh5 Nxh5 13. Nge2 Nd7 14. Nf4 Ndf6 15. Nxh5 Nxh5 16. Ne2 Kh8 17. Nf4 Rg8 18. Nxh5 gxh5 19. Rg1 Qe8 20. Bd3 Bd7 21. Rg2 Be5 22. Rdg1 Rxg2 23. Qxg2 Qg8 24. Qf2 Qh7 25. f4 Bf6 26. Bc2 Bg7 27. Rg5 Bg4 28. e5 Qg8 29. Qg2 f6 30. Rg6 Qe8 31. f5 dxe5 32. Bh6 Bxh6+ 33. Rxh6+ Kg7 34. Rg6+ Kh7 35. d6 exd6 36. Qxb7+ 1-0

[Event "Chigorin Memorial 21st"]
[Site "St Petersburg"]
[Date "2013.10.05"]
[Round "1"]
[White "Solovjov, Sergey"]
[Black "Shpakovsky, Kirill"]
[Result "1-0"]
[WhiteElo "2381"]
[BlackElo "1891"]
[PlyCount "55"]
[EventDate "2013.10.05"]
[EventType "swiss"]
[EventRounds "9"]
[EventCountry "RUS"]
[SourceTitle "CBM 156 Extra"]
[Source "ChessBase"]
[SourceDate "2013.10.22"]
[SourceVersion "1"]
[SourceVersionDate "2013.10.22"]
[SourceQuality "1"]

1. e4 c6 2. d4 d5 3. f3 e6 4. Nc3 b6 5. Be3 Bb4 6. Nge2 Ba6 7. Qd2 Ne7 8. 0-0-0 0-0 9. a3 Bxc3 10. Nxc3 Bxf1 11. Rhxf1 Nd7 12. h4 Rc8 13. h5 c5 14. h6 g6 15. exd5 exd5 16. dxc5 Nxc5 17. Kb1 Re8 18. Bg5 Ne6 19. Bxe7 Qxe7 20. Nxd5 Qd8 21. Qe3 Nc7 22. Qd4 Ne6 23. Nf6+ Kh8 24. Qe5 Qc7 25. Qxc7 Nxc7 26. Nxe8 Rxe8 27. Rd7 Ne6 28. Rxf7 1-0

[Event "EU-ch U16"]
[Site "Prague"]
[Date "2012.08.21"]
[Round "5"]
[White "Hros, Roman"]
[Black "Shpakovsky, Kirill"]
[Result "1-0"]
[WhiteElo "1935"]
[BlackElo "1760"]
[PlyCount "113"]
[EventDate "2012.08.17"]
[EventType "swiss"]
[EventRounds "9"]
[EventCountry "CZE"]
[SourceTitle "CBM 150 Extra"]
[Source "ChessBase"]
[SourceDate "2012.10.19"]
[SourceVersion "1"]
[SourceVersionDate "2012.10.19"]
[SourceQuality "1"]

1. c3 e5 2. c4 Nf6 3. Nc3 d5 4. cxd5 Nxd5 5. g3 Be6 6. Bg2 Nc6 7. Nf3 Nxc3 8. bxc3 e4 9. Ng1 Bd5 10. f3 f5 11. Qa4 b5 12. Qxb5 Rb8 13. Qa4 Bc5 14. fxe4 fxe4 15. Bxe4 0-0 16. Nf3 Kh8 17. Rf1 Qd6 18. Bxd5 Qxd5 19. Ba3 Rbe8 20. Bxc5 Qxc5 21. Nd4 Rxf1+ 22. Kxf1 Rf8+ 23. Kg1 Ne5 24. Rf1 Rxf1+ 25. Kxf1 Qf8+ 26. Kg2 c5 27. Nf3 Nxf3 28. exf3 Qd8 29. d4 Qb8 30. dxc5 Qb2+ 31. Kh3 Qe2 32. Qe4 Qf1+ 33. Kh4 h6 34. c6 Qg1 35. Qe5 Qxh2+ 36. Kg4 Qxa2 37. c7 Qc4+ 38. f4 Qc6 39. c4 a6 40. c5 Qd7+ 41. Kh4 Kh7 42. g4 g6 43. Qd6 Qe8 44. Qe5 Qd7 45. c6 Qxc6 46. Qe7+ Kg8 47. Qd8+ Kf7 48. c8Q Qh1+ 49. Kg3 Qe1+ 50. Kf3 Qh1+ 51. Ke3 Qe1+ 52. Kd4 Qf2+ 53. Kd5 Qf3+ 54. Kc5 Qc3+ 55. Kb6 Qb3+ 56. Ka7 Qe3+ 57. Ka8 1-0

[Event "EU-ch U16"]
[Site "Prague"]
[Date "2012.08.20"]
[Round "4"]
[White "Rauramaa, Julius"]
[Black "Shpakovsky, Kirill"]
[Result "1-0"]
[WhiteElo "2006"]
[BlackElo "1760"]
[PlyCount "106"]
[EventDate "2012.08.17"]
[EventType "swiss"]
[EventRounds "9"]
[EventCountry "CZE"]
[SourceTitle "CBM 150 Extra"]
[Source "ChessBase"]
[SourceDate "2012.10.19"]
[SourceVersion "1"]
[SourceVersionDate "2012.10.19"]
[SourceQuality "1"]

1. e4 c5 2. Nf3 d6 3. Bb5+ Bd7 4. Bxd7+ Qxd7 5. 0-0 Nc6 6. c4 Nf6 7. Nc3 e6 8. d4 cxd4 9. Nxd4 Be7 10. Bg5 h6 11. Be3 0-0 12. b3 Rac8 13. Rc1 Rfd8 14. Qd2 Ng4 15. Nxc6 bxc6 16. Bf4 e5 17. Bg3 Nf6 18. Rfd1 Qe6 19. Qe2 Rd7 20. Rc2 Rcd8 21. Rcd2 g6 22. Rd3 Nh5 23. Qf3 Nxg3 24. Qxg3 Kh7 25. Qh3 Qxh3 26. Rxh3 f5 27. Rhd3 fxe4 28. Nxe4 h5 29. Nc5 Kg7 30. Nxd7 Rxd7 31. f3 Kf6 32. Kf2 Ke6 33. b4 d5 34. b5 d4 35. Ke2 Kd6 36. f4 cxb5 37. cxb5 Rb7 38. fxe5+ Kxe5 39. a4 Bc5 40. Rg3 Ke4 41. Rxg6 Re7 42. Rg3 h4 43. Rh3 Kd5+ 44. Kd3 Re4 45. Rf1 Bd6 46. Rf7 Rg4 47. Rxa7 Kc5 48. Ra6 Rxg2 49. Rxh4 Bxh2 50. Rc6+ Kb4 51. Rxd4+ Kb3 52. Rc3+ Kb2 53. Rb4+ Ka2 1-0